M6 consultation launced (Record no. 117671)
[ view plain ]
| 000 -LEADER | |
|---|---|
| fixed length control field | 01083cam a2200217 4500 |
| 001 - CONTROL NUMBER | |
| control field | WB@3612-841 |
| 008 - FIXED-LENGTH DATA ELEMENTS--GENERAL INFORMATION | |
| fixed length control field | 040708n2004 000 0 eng u |
| 035 ## - SYSTEM CONTROL NUMBER | |
| System control number | (Sirsi) u126739 |
| 245 ## - TITLE STATEMENT | |
| Title | M6 consultation launced |
| 260 ## - PUBLICATION, DISTRIBUTION, ETC. | |
| Date of publication, distribution, etc. | 2004 |
| 490 ## - SERIES STATEMENT | |
| Series statement | DfT News Release |
| Volume/sequential designation | 2004/0076 6 July 2004 (11) |
| 520 ## - SUMMARY, ETC. | |
| Summary, etc. | "M6: Giving motorists a choice: a consultation" seeks views on a new option for relieving congestion on the M6. Following on from the success of the new M6 toll north of Birmingham, the development of a tolled dual-lane expressway has been put forward as an alternative to widening the existing M6 between Birmingham and Manchester by one lane each way. The consultation closes on 21 September 2004 and can be viewed at: http://www.dft.gov.uk/stellent/groups/dft_transstr at/documents/page/dft_transstrat_029573.hcsp. http://www.dft.gov.uk/pns/DisplayPN.cgi?pn_id=2004 _0076 |
| 590 ## - LOCAL NOTE (RLIN) | |
| Local note | WB |
| 590 ## - LOCAL NOTE (RLIN) | |
| Local note | WB |
| 650 ## - SUBJECT ADDED ENTRY--TOPICAL TERM | |
| Topical term or geographic name entry element | TRAFFIC CONGESTION |
| 650 ## - SUBJECT ADDED ENTRY--TOPICAL TERM | |
| Topical term or geographic name entry element | M6 TOLL |
| 650 ## - SUBJECT ADDED ENTRY--TOPICAL TERM | |
| Topical term or geographic name entry element | MOTORWAYS |
| 650 ## - SUBJECT ADDED ENTRY--TOPICAL TERM | |
| Topical term or geographic name entry element | M6 |
| 690 ## - LOCAL SUBJECT ADDED ENTRY--TOPICAL TERM (OCLC, RLIN) | |
| Topical term or geographic name as entry element | TRANSPORT AND COMMUNICATION |
| 942 ## - ADDED ENTRY ELEMENTS (KOHA) | |
| Suppress in OPAC | 0 |
| Withdrawn status | Lost status | Source of classification or shelving scheme | Damaged status | Not for loan | Home library | Current library | Shelving location | Date acquired | Total Checkouts | Full call number | Barcode | Date last seen | Copy number | Price effective from | Koha item type |
|---|---|---|---|---|---|---|---|---|---|---|---|---|---|---|---|
| Dewey Decimal Classification | London | London | News article | 08/07/2004 | WB4026-19 | 126739-1001 | 06/08/2019 | 1 | 06/08/2019 | News article |